Statistics for Crime: human trafficking and migrant smuggling

Click here to take the quiz!

General Stats

  • This quiz has been taken 49 times
  • The average score is 12 of 30

Answer Stats

HintAnswer% Correct
Migrant smuggling 15.Montenegro, Mexico, Malta and Bosnia+Herz.
93%
Migrant smuggling 12.Turkey
73%
Migrant smuggling 10.Germany
68%
Human trafficking 9.Germany
68%
Human trafficking 3.Spain
68%
Migrant smuggling 8.Italy
66%
Human trafficking 12.Ukraine
64%
Human trafficking 4.Romania
59%
Migrant smuggling 7.Sweden
52%
Human trafficking 12.Norway
45%
Human trafficking 2.Moldova
43%
Human trafficking 9.Belarus
41%
Migrant smuggling 9.Croatia
39%
Migrant smuggling 11.Denmark
39%
Migrant smuggling 6.Slovenia
39%
Human trafficking 5.Algeria
36%
Migrant smuggling 4.Morocco
36%
Migrant smuggling 14.Slovakia
36%
Migrant smuggling 3.Austria
34%
Human trafficking 7.Latvia
30%
Human trafficking 11.Lithuania
27%
Human trafficking 8.Armenia
25%
Migrant smuggling 2.Lebanon (roughly double of 3.)
25%
Human trafficking 14.Georgia
23%
Human trafficking 1.Malaysia
18%
Migrant smuggling 1.Singapore (more than double of 2.)
18%
Migrant smuggling 13.Bangladesh
16%
Human trafficking 6.Belize
9%
Human trafficking 14.Kyrgyzstan
9%
Migrant smuggling 5.Liechtenstein
5%

Score Distribution

Percentile by Number Answered

Percent of People with Each Score

Your Score History

You have not taken this quiz